000 00799cab a2200277 4500
001 ABS53498
008 090401t1995 xxu||||| |||| 00| 0 eng d
035 _a(Sirsi) u4719
041 _aeng
100 _aBrown, P.
245 _aRevaluation in a recession
260 _c1995
350 _a0
490 _aInstitute of Revenues Rating and Valuation Journal
_vAugust 1995, 167-169(3)
520 _aSets out possible approaches to valuation in situations where rental evidence poses problems.
650 _aBREAK CLAUSES
650 _aCAPITAL CONTRIBUTIONS
650 _aRENT FREE PERIODS
650 _aRENT REDUCTION
650 _aRENTAL EVIDENCE
650 _aREVERSE PREMIUMS
650 _aValuation
_96273
690 _aRATING AND VALUATION
942 _n0
948 _c04/03/1997
999 _c2859
_d2859